000 02830nam a2200229Ia 4500
003 Ost
005 20260507075255.0
008 260507s9999||||xx |||||||||||||| ||und||
020 _a40125160977
040 _cfsecg
041 _aara
082 _a330
100 _aحجازي، عبد الفتاح بيومي
_eمؤلف
245 0 _aالتجارة الالكترونية و حمايتها القانونية /
_c عبد الفتاح بيومي حجازي
260 _aالاسكندرية:
_bدار الفكر الجامعي,
_c2006
300 _a722 صفحة؛
_c25 سم
520 _aتطور التجارة الاليكترونية و التعريف بها ، حجم هذه التجارة و نفقاتها الباهضة ، التكنولوجيا و انتقالها بين دول العالم و اختراق مواقع التجارة الايليكترونية و اتلافها أو تدميرها ، مشكلات أداء الوفاء ، بطاقات الائتمان ، المستهلك و حمايته في التجارة الايليكترونية ، القانون الواجب التطبيق و المحكمة المختصة ، حماية التوقيع الالكتروني ، تشفير البيانات و حماية المستهلك ، حماية أسماء الدومين و العلامات التجارية ، مفهوم المصلحة المحمية و المبادئ التي تحكمها ، حماية المصلحة ضد الغش و التحايل ، الدخول غير المشروع لمواقع التجارة الاليكترونية ، الحماية الجنائية للبيانات الشخصية أو الاسمية ، المسؤولية الجنائية لمقدمي الخدمات الوسيطية في الانترنيت ، حماية الاموال في نطاق التجارة الايليكترونية ، التعامل في بيانات التجارة الاليكترونية بدون ترخيص و انتهاك سرية و خصوصية البيانات ، جريمة التصريح عمدا بمعطيات خاطئة ، جرائم الاعتداء على التوقيع الاليكتروني و جرائم الاعتداء على البيانات المشفرة ، استغلال المتعامل في البيع الالكتروني ، جريمة التهرب الضريبي في التجارة الالكترونية و حماية البطاقات الممغنطة كوسيلة وفاء في التجارة الاليكترونية ، الحماية الجنائية للتجارة الاليكترونية في فرنسا و في لكسمبورج و في التشريع المصري و في القانون التونسي.
653 _aالتجارة
653 _aالتجارة الإلكترونية
653 _aالقانون التجاري
942 _cكتاب
999 _c43731
_d43731